00000000nam##2200000za#4500
0019.675363
003CaOODSP
00520210624225226
007cr |||||||||||
008150407|2009||||xxc|||||o    f|0| 0 eng|d
040 |aCaOODSP|beng
041 |aeng
041 |afre
043 |an-cn---
0861 |aA114-36/2009-PDF
1101 |aCanada.|bAgriculture and Agri-Food Canada. |bRural Secretariat.
24510|aCommunity Information Database : |h[electronic resource]|bCanadian community information at your fingertips!
260 |aOttawa - Ontario : |bAgriculture and Agri-Food Canada. |cc2009.
300 |aEnglish text, 1p.
500 |aThe catalogue number (A114-36/2009) and ISBN (978-0-662-06442-8) for the bilingual print edition have been incorrectly copied in this electronic publication.
590 |a12-28-Supp|b2012-06-15
69007|aDatabases|2gcpds
69007|aDemographic statistics|2gcpds
7760#|tBase de données sur les collectivités : |w(CaOODSP)9.670852
792 |tBase de données sur les collectivités : |efre|w(CaOODSP)9.675364
85640|ahttp://publications.gc.ca|qPDF|s668 KB|uhttps://publications.gc.ca/collections/collection_2011/agr/A114-36-2009.pdf